[Event "Moscow Open A 2014"]
[Site "Moscow RUS"]
[Date "2014.02.05"]
[Round "5.8"]
[White "Potapov, Pavel"]
[Black "Socko, Bartosz"]
[Result "1/2-1/2"]
[WhiteTitle "IM"]
[BlackTitle "GM"]
[WhiteElo "2469"]
[BlackElo "2663"]
[WhiteFideId "4169786"]
[BlackFideId "1107038"]
[EventDate "2014.02.01"]

1. e4 c5 2. c3 d5 3. exd5 Qxd5 4. d4 Nc6 5. Nf3 Bf5 6. Be3 Nf6 7. Qb3 cxd4 8.
Nxd4 Nxd4 9. Bxd4 a6 10. Nd2 e6 11. Be2 Qxb3 12. axb3 O-O-O 13. Nc4 Nd7 14. b4
Kc7 15. O-O f6 16. f4 Be4 17. Rfe1 Bd5 18. Ne3 Bc6 19. Nc4 Bd5 20. Ne3 Bc6 21.
Nc4 1/2-1/2

[Event "Moscow Open A 2014"]
[Site "Moscow RUS"]
[Date "2014.02.05"]
[Round "5.9"]
[White "Aghasaryan, Robert"]
[Black "Shimanov, Aleksandr"]
[Result "1-0"]
[WhiteTitle "FM"]
[BlackTitle "GM"]
[WhiteElo "2467"]
[BlackElo "2658"]
[WhiteFideId "13302841"]
[BlackFideId "4198603"]
[EventDate "2014.02.01"]

1. d4 Nf6 2. c4 g6 3. Nc3 Bg7 4. e4 O-O 5. Nf3 d6 6. Be2 Na6 7. O-O e5 8. Be3
Qe8 9. dxe5 dxe5 10. Nd2 Nd7 11. a3 Nac5 12. b4 Ne6 13. c5 f5 14. f3 f4 15. Bf2
g5 16. Rc1 h5 17. b5 Nd4 18. Nd5 Qd8 19. Bc4 Kh8 20. Nb3 c6 21. bxc6 Nxc6 22.
Qd3 g4 23. Rfd1 Qg5 24. Nc7 gxf3 25. Qxf3 Nf6 26. h3 Nxe4 27. Qxe4 Bf5 28. Ne6
Qg6 29. Nxf8 Rxf8 30. Qf3 Be4 31. Rd6 Bf6 32. Bd3 Bxd3 33. Qxd3 e4 34. Qc2 Ne5
35. Bd4 Qf5 36. Rxf6 Rxf6 37. Nd2 f3 38. Nxf3 exf3 39. Qxf5 Rxf5 40. c6 bxc6 41.
Rc5 Rg5 42. Bxe5+ Kg8 43. g3 1-0

[Event "Moscow Open A 2014"]
[Site "Moscow RUS"]
[Date "2014.02.05"]
[Round "5.10"]
[White "Kovalenko, Igor"]
[Black "Predke, Alexandr"]
[Result "0-1"]
[WhiteTitle "GM"]
[WhiteElo "2642"]
[BlackElo "2477"]
[WhiteFideId "14117908"]
[BlackFideId "24107581"]
[EventDate "2014.02.01"]

1. d4 Nf6 2. c4 e6 3. Nf3 d5 4. Nc3 Bb4 5. Qa4+ Nc6 6. e3 O-O 7. Qc2 dxc4 8.
Bxc4 Bd6 9. O-O a6 10. a3 Bd7 11. Rd1 e5 12. d5 Ne7 13. h3 Ng6 14. b4 Qe7 15.
Bd3 c6 16. dxc6 Bxc6 17. Ne4 Bxe4 18. Bxe4 Rac8 19. Qb1 Nxe4 20. Qxe4 Rc6 21.
Bb2 h6 22. Qf5 Re8 23. Rd2 Qe6 24. g4 Nf8 25. Rad1 Qe7 26. Rd5 Ng6 27. Qd3 Bc7
28. Rd7 Qe6 29. Qf5 Nf8 30. R7d5 Ng6 31. Rc5 Rxc5 32. bxc5 Qc6 33. Rd7 Ne7 34.
Qd3 Qxf3 35. Rxc7 Nd5 36. Bxe5 Nxc7 37. Bxc7 Qxh3 38. Qd7 Re6 39. Bg3 Qxg4 40.
Qxb7 Qe4 41. Qc8+ Kh7 42. Qd7 h5 43. Qxf7 h4 44. Bf4 Rg6+ 45. Kf1 Qd3+ 0-1

[Event "Moscow Open A 2014"]
[Site "Moscow RUS"]
[Date "2014.02.05"]
[Round "5.11"]
[White "Swiercz, Dariusz"]
[Black "Vishnu Prasanna, V"]
[Result "1-0"]
[WhiteTitle "GM"]
[BlackTitle "GM"]
[WhiteElo "2630"]
[BlackElo "2468"]
[WhiteFideId "1126881"]
[BlackFideId "5030692"]
[EventDate "2014.02.01"]

1. d4 d5 2. c4 e6 3. Nf3 c5 4. e3 Nf6 5. Nc3 Nc6 6. a3 a6 7. dxc5 Bxc5 8. b4 Bd6
9. Bb2 O-O 10. Qc2 Qe7 11. Rd1 Rd8 12. g4 dxc4 13. g5 Ng4 14. Bxc4 Nge5 15. Nxe5
Nxe5 16. Ne4 b5 17. Be2 Ng6 18. Rxd6 Rxd6 19. Nxd6 Qxd6 20. Bf3 Rb8 21. Ke2 Qe7
22. Rc1 Bb7 23. Bxb7 Qxb7 24. Qc7 Qa8 25. Qc3 e5 26. Qc6 Qa7 27. Bxe5 Rf8 28.
Bd6 Rd8 29. Qc8 Qa8 30. Qxa8 Rxa8 31. Rc6 f6 32. gxf6 gxf6 33. Bc5 Kf7 34. f4 a5
35. Bd4 axb4 36. Rxf6+ Ke7 37. axb4 Ra2+ 38. Kd3 Ra3+ 39. Ke2 Ra2+ 40. Kf3 Rxh2
41. Rb6 1-0

[Event "Moscow Open A 2014"]
[Site "Moscow RUS"]
[Date "2014.02.05"]
[Round "5.12"]
[White "Grigoriants, Sergey"]
[Black "Bortnyk, Olexandr"]
[Result "1/2-1/2"]
[WhiteTitle "GM"]
[BlackTitle "IM"]
[WhiteElo "2581"]
[BlackElo "2463"]
[WhiteFideId "4130804"]
[BlackFideId "14120828"]
[EventDate "2014.02.01"]

1. Nf3 Nf6 2. c4 b6 3. d4 Bb7 4. Nc3 e6 5. a3 d5 6. Bg5 Be7 7. Qa4+ Qd7 8. Qb3
dxc4 9. Qxc4 O-O 10. Rd1 h6 11. Bh4 Ne4 12. Nxe4 Bxh4 13. Qc2 Be7 14. e3 Rc8 15.
Bd3 c5 16. dxc5 Qc7 17. Qe2 bxc5 18. Ned2 Bf6 19. Nc4 Nd7 20. O-O Rab8 21. Nfd2
Ne5 22. Bc2 Ba6 23. b3 Qa5 24. Bd3 Bxc4 25. Nxc4 Nxc4 26. Bxc4 Qxa3 27. Rd7 Rd8
28. Rxd8+ Rxd8 29. Rd1 Rb8 30. g3 a5 31. Qd2 Ra8 32. Qc2 a4 33. bxa4 Rxa4 34.
Bf1 Ra8 35. Qe4 Qa4 36. Qxa4 Rxa4 1/2-1/2

[Event "Moscow Open A 2014"]
[Site "Moscow RUS"]
[Date "2014.02.05"]
[Round "5.13"]
[White "Alekseenko, Kirill"]
[Black "Frolyanov, Dmitry"]
[Result "1/2-1/2"]
[WhiteTitle "FM"]
[BlackTitle "GM"]
[WhiteElo "2459"]
[BlackElo "2577"]
[WhiteFideId "4135539"]
[BlackFideId "4151976"]
[EventDate "2014.02.01"]

1. e4 c5 2. Nf3 Nc6 3. d4 cxd4 4. Nxd4 Nf6 5. Nc3 e5 6. Ndb5 d6 7. Bg5 a6 8. Na3
b5 9. Nd5 Be7 10. Bxf6 Bxf6 11. c4 b4 12. Nc2 O-O 13. g3 Bg5 14. h4 Bh6 15. Bh3
Be6 16. Qd3 Rb8 17. Kf1 a5 18. Rd1 Rb7 19. b3 Nb8 20. Kg2 Na6 21. Qf3 Nc5 22. h5
Bg5 23. Nde3 a4 24. Nd5 h6 25. Ncxb4 axb3 26. axb3 Bxd5 27. Nxd5 Nxb3 28. Qd3
Nc5 29. Qc2 Qb8 30. Rb1 Rb3 31. Bf5 Qb7 32. Rxb3 Qxb3 33. Qxb3 Nxb3 34. f4 Bf6
35. Kf2 Ra8 36. Rb1 Ra2+ 37. Ke1 Ra1 38. Rxa1 Nxa1 39. Kd2 Nb3+ 40. Kc3 Nd4 41.
Kd3 1/2-1/2

[Event "Moscow Open A 2014"]
[Site "Moscow RUS"]
[Date "2014.02.05"]
[Round "5.14"]
[White "Shomoev, Anton"]
[Black "Seliverstov, Vladimir"]
[Result "1/2-1/2"]
[WhiteTitle "GM"]
[BlackTitle "FM"]
[WhiteElo "2568"]
[BlackElo "2436"]
[WhiteFideId "4135148"]
[BlackFideId "4192036"]
[EventDate "2014.02.01"]

1. d4 d5 2. c4 c6 3. cxd5 cxd5 4. Bf4 Nc6 5. e3 Nf6 6. Nc3 a6 7. Be2 Ne4 8. Nf3
Bf5 9. O-O e6 10. Ne5 Nxe5 11. Bxe5 Bd6 12. Nxe4 Bxe4 13. Bxd6 Qxd6 14. Qb3 O-O
15. Rfc1 Qd7 16. Rc3 Rfc8 17. Rac1 Rxc3 18. Qxc3 Bg6 19. Qc7 Qxc7 20. Rxc7 Rb8
21. h4 f6 22. Bg4 Bf7 23. Kh2 g6 24. Kg3 f5 25. Be2 Kg7 26. a4 a5 27. Bb5 Kf6
28. f4 h6 29. Kf3 Be8 30. Bxe8 Rxe8 31. Rxb7 Rc8 32. Rh7 Rc4 33. b3 Rc6 34. h5
gxh5 35. Rxh6+ Kg7 36. Rxh5 Rc3 37. Rg5+ Kf7 38. Rh5 Kg7 39. Rg5+ Kf7 40. g4
fxg4+ 41. Rxg4 Rxb3 42. Rg5 Kf6 43. Re5 Rb1 44. f5 Rf1+ 45. Kg4 exf5+ 46. Kg3
Rg1+ 47. Kf3 Rf1+ 48. Ke2 Ra1 49. Rxd5 Rxa4 1/2-1/2

[Event "Moscow Open A 2014"]
[Site "Moscow RUS"]
[Date "2014.02.05"]
[Round "5.15"]
[White "Atabayev, Yusup"]
[Black "Jumabayev, Rinat"]
[Result "0-1"]
[WhiteTitle "IM"]
[BlackTitle "GM"]
[WhiteElo "2432"]
[BlackElo "2564"]
[WhiteFideId "14001128"]
[BlackFideId "13702661"]
[EventDate "2014.02.01"]

1. e4 c5 2. Nf3 d6 3. d4 Nf6 4. Nc3 cxd4 5. Nxd4 a6 6. Be2 e6 7. O-O Be7 8. f4
Qc7 9. Kh1 O-O 10. Qe1 Nc6 11. Be3 Nxd4 12. Bxd4 b5 13. a3 Bb7 14. Bd3 e5 15.
Be3 Ng4 16. Bd2 exf4 17. Bxf4 Ne5 18. Qg3 Bf6 19. Rae1 Qd8 20. Re2 Re8 21. a4
bxa4 22. Nxa4 Rc8 23. Qf2 Rc7 24. Rd2 Rce7 25. Bg3 Qa5 26. Bxe5 Bxe5 27. Nb6 Bd4
28. Nc4 Qc5 29. Qf5 g6 30. Qxc5 Bxc5 31. Rdd1 d5 32. exd5 Bxd5 33. Nd2 a5 34.
Nf3 Bc6 35. Ra1 Bb6 36. Nd2 a4 37. Nf3 Ra7 38. Rfe1 Rxe1+ 39. Rxe1 Bd5 40. Bb5
Ra5 41. c4 Bxf3 42. gxf3 a3 43. b4 Bf2 44. Rd1 Ra7 45. Kg2 Bh4 46. Kh1 0-1

[Event "Moscow Open A 2014"]
[Site "Moscow RUS"]
[Date "2014.02.06"]
[Round "6.1"]
[White "Grachev, Boris"]
[Black "Bartel, Mateusz"]
[Result "1/2-1/2"]
[WhiteTitle "GM"]
[BlackTitle "GM"]
[WhiteElo "2669"]
[BlackElo "2651"]
[WhiteFideId "4129199"]
[BlackFideId "1112635"]
[EventDate "2014.02.01"]

1. d4 d5 2. c4 e6 3. Nf3 c6 4. Bg5 Be7 5. Bxe7 Qxe7 6. Qc2 Nf6 7. e3 O-O 8. Nc3
Nbd7 9. Rc1 e5 10. cxd5 cxd5 11. Be2 e4 12. Nd2 Nb6 13. Na4 Bg4 14. Nxb6 axb6
15. Bxg4 Nxg4 16. h3 Nh6 17. O-O Rxa2 18. Nb1 Nf5 19. Nc3 Ra5 20. Ra1 Qd6 21.
Rxa5 bxa5 22. Qb3 Ne7 23. Qxb7 Rb8 24. Qa7 Rxb2 25. Qxa5 h5 26. Qa1 Rb8 27. Rb1
Rxb1+ 28. Qxb1 h4 29. Qb7 g5 30. Na4 f5 31. Nc5 f4 32. Nd7 fxe3 33. fxe3 Qg3 34.
Nf6+ Kf7 35. Nxd5 Qe1+ 36. Kh2 Qg3+ 37. Kg1 Qe1+ 38. Kh2 Qg3+ 39. Kh1 Qe1+ 40.
Kh2 Qg3+ 1/2-1/2

[Event "Moscow Open A 2014"]
[Site "Moscow RUS"]
[Date "2014.02.06"]
[Round "6.2"]
[White "Ponkratov, Pavel"]
[Black "Khairullin, Ildar"]
[Result "1/2-1/2"]
[WhiteTitle "GM"]
[BlackTitle "GM"]
[WhiteElo "2611"]
[BlackElo "2651"]
[WhiteFideId "4157800"]
[BlackFideId "4151348"]
[EventDate "2014.02.01"]

1. d4 Nf6 2. c4 g6 3. Nc3 d5 4. cxd5 Nxd5 5. e4 Nxc3 6. bxc3 Bg7 7. Qa4+ Qd7 8.
Qb3 O-O 9. Be3 b6 10. Nf3 Bb7 11. Nd2 Nc6 12. Bb5 a6 13. Be2 Na5 14. Qb4 f5 15.
f3 fxe4 16. fxe4 Rad8 17. Rc1 Qe6 18. Qb1 c5 19. dxc5 Rxd2 20. Bxd2 Bxe4 21.
Qxb6 Nc6 22. Qxa6 Bxg2 23. Rg1 Bd5 24. Rg5 Kh8 25. Qd3 Bxa2 26. Ra1 Bf6 27. Rg3
Bd5 28. Bh6 Rd8 29. Rd1 Qc8 30. Qe3 Ne5 31. Rg5 Bxg5 32. Bxg5 Nc6 33. Bb5 Bg2
34. Rxd8+ Qxd8 35. Bh6 Qb8 36. Qf2 Bd5 37. Kd1 Kg8 38. c4 Be4 39. Kc1 Qd8 40.
Qf4 Bg2 41. Ba4 Nb4 42. Qg4 Nd3+ 43. Kc2 Nxc5 44. Qxg2 Qd3+ 45. Kc1 Qc3+ 46. Kd1
Qa1+ 47. Kd2 Qd4+ 48. Kc1 Qa1+ 49. Kd2 Qd4+ 50. Kc1 1/2-1/2

[Event "Moscow Open A 2014"]
[Site "Moscow RUS"]
[Date "2014.02.06"]
[Round "6.3"]
[White "Geller, Jakov"]
[Black "Matlakov, Maxim"]
[Result "1/2-1/2"]
[WhiteTitle "GM"]
[BlackTitle "GM"]
[WhiteElo "2536"]
[BlackElo "2690"]
[WhiteFideId "4151984"]
[BlackFideId "4168003"]
[EventDate "2014.02.01"]

1. e4 c6 2. d4 d5 3. Nc3 dxe4 4. Nxe4 Bf5 5. Ng3 Bg6 6. Nh3 e6 7. Nf4 Bd6 8.
Nfh5 Kf8 9. Be2 Nd7 10. O-O Ngf6 11. Bf4 Qc7 12. Bxd6+ Qxd6 13. c3 h6 14. Nxf6
Nxf6 15. Bd3 Bxd3 16. Qxd3 h5 17. Ne4 Nxe4 18. Qxe4 h4 19. h3 Rh5 20. Rfe1 g6
21. Re3 Kg7 22. a4 Rah8 23. a5 Rf5 24. b4 Rhh5 25. Rae1 Qd5 26. Qd3 Rhg5 27. Re4
Rf4 28. Qe3 Rxe4 29. Qxe4 Kg8 30. Re3 Kg7 31. Kh2 Qd6+ 32. Kg1 Qd5 33. Kh2 Qd6+
34. Kg1 Qd5 1/2-1/2

[Event "Moscow Open A 2014"]
[Site "Moscow RUS"]
[Date "2014.02.06"]
[Round "6.4"]
[White "Iljushin, Alexei"]
[Black "Popov, Ivan RUS"]
[Result "1/2-1/2"]
[WhiteTitle "GM"]
[BlackTitle "GM"]
[WhiteElo "2518"]
[BlackElo "2653"]
[WhiteFideId "4122178"]
[BlackFideId "4170350"]
[EventDate "2014.02.01"]

1. d4 Nf6 2. c4 g6 3. Nc3 d5 4. Bf4 Bg7 5. e3 c5 6. dxc5 Qa5 7. Rc1 dxc4 8. Bxc4
O-O 9. Nf3 Qxc5 10. Bb3 Qh5 11. Ne5 Nbd7 12. Nxd7 Bxd7 13. Qxh5 Nxh5 14. Bg5 Bc6
15. f3 h6 16. Bh4 Rfd8 17. Ke2 Kf8 18. Bf2 Ke8 19. g4 Nf6 20. Rhd1 e6 21. e4
Rxd1 22. Rxd1 Nd7 23. Be3 g5 24. h4 Bf6 25. hxg5 hxg5 26. Rh1 Ke7 27. Rh5 Rg8
28. Ba4 Bxc3 29. Bxc6 bxc6 30. bxc3 f6 31. e5 Nxe5 32. Bc5+ Kf7 33. Rh7+ Kg6 34.
Rxa7 Rb8 35. Bd4 Nc4 36. a4 Rb2+ 37. Kd3 Nd2 38. Rc7 Nxf3 39. Rxc6 Rd2+ 40. Ke3
Nxd4 41. cxd4 Ra2 42. Rxe6 Rxa4 43. Re4 1/2-1/2

[Event "Moscow Open A 2014"]
[Site "Moscow RUS"]
[Date "2014.02.06"]
[Round "6.5"]
[White "Gabuzyan, Hovhannes"]
[Black "Swiercz, Dariusz"]
[Result "1/2-1/2"]
[WhiteTitle "GM"]
[BlackTitle "GM"]
[WhiteElo "2534"]
[BlackElo "2630"]
[WhiteFideId "13303732"]
[BlackFideId "1126881"]
[EventDate "2014.02.01"]

1. d4 Nf6 2. c4 e6 3. g3 d5 4. Bg2 Bb4+ 5. Nd2 O-O 6. Nf3 b6 7. O-O Bb7 8. cxd5
Bxd5 9. a3 Bxd2 10. Bxd2 Nbd7 11. Rc1 c5 12. dxc5 Nxc5 13. Bb4 Rc8 14. Ne5 Bxg2
15. Kxg2 Qe7 16. Kg1 a5 17. Bxc5 Rxc5 18. Nc6 Qc7 19. Rxc5 bxc5 20. Qa4 Qb6 21.
b3 Qa6 22. e3 Ra8 23. Rc1 Qe2 24. Rxc5 h5 25. Qc4 Qd1+ 26. Kg2 Nd5 27. Qe4 Re8
28. Nd4 Rd8 29. Qf3 Qd2 30. Nc6 Re8 31. Rxa5 h4 32. g4 Qc3 33. Ra7 f5 34. Nd4 f4
35. Nf5 fxe3 36. Nh6+ Kh8 37. Nf7+ Kg8 38. fxe3 Rf8 39. g5 Nxe3+ 40. Kh3 Qc5 41.
Rb7 Nd5 42. Qe4 Qf2 43. a4 Nf4+ 44. Kg4 Qxh2 1/2-1/2

[Event "Moscow Open A 2014"]
[Site "Moscow RUS"]
[Date "2014.02.06"]
[Round "6.6"]
[White "Kokarev, Dmitry"]
[Black "Aghasaryan, Robert"]
[Result "1/2-1/2"]
[WhiteTitle "GM"]
[BlackTitle "FM"]
[WhiteElo "2628"]
[BlackElo "2467"]
[WhiteFideId "4132181"]
[BlackFideId "13302841"]
[EventDate "2014.02.01"]

1. e4 e5 2. Nf3 Nc6 3. Bb5 Nf6 4. d3 Bc5 5. c3 O-O 6. O-O d6 7. Nbd2 a6 8. Bxc6
bxc6 9. Re1 Re8 10. Nf1 d5 11. Qa4 Bb6 12. Bg5 Qd6 13. Bxf6 Qxf6 14. exd5 Bb7
15. dxc6 Bxc6 16. Qg4 Rad8 17. Rad1 g6 18. Ng3 Bd7 19. Qe4 Bc6 20. Qe2 Qd6 21.
Nf1 Bb5 22. c4 Bc6 23. Ne3 a5 24. b3 Bc5 25. Nc2 Qf6 26. Rf1 e4 27. dxe4 Rxe4
28. Rxd8+ Qxd8 29. Qd1 Qf6 30. Ne3 Bxe3 31. fxe3 Rxe3 32. Nd4 Qd6 33. Nxc6 Qxc6
34. Qd8+ Re8 35. Qd5 Qxd5 36. cxd5 Rd8 37. Rd1 Kf8 38. Kf2 Ke7 39. Rc1 Rxd5 40.
Rxc7+ Ke6 41. Ke3 h5 42. Rc4 g5 43. h4 f6 44. a3 Ke5 1/2-1/2

[Event "Moscow Open A 2014"]
[Site "Moscow RUS"]
[Date "2014.02.06"]
[Round "6.7"]
[White "Jumabayev, Rinat"]
[Black "Xu, Yinglun"]
[Result "1-0"]
[WhiteTitle "GM"]
[WhiteElo "2564"]
[BlackElo "2357"]
[WhiteFideId "13702661"]
[BlackFideId "8604940"]
[EventDate "2014.02.01"]

1. Nf3 Nf6 2. c4 e6 3. g3 d5 4. Bg2 d4 5. O-O c5 6. e3 Nc6 7. exd4 cxd4 8. d3
Bd6 9. Bg5 O-O 10. a3 a5 11. Nbd2 h6 12. Bxf6 Qxf6 13. Rc1 Bc7 14. c5 Bd7 15.
Re1 Rfb8 16. Qa4 Be8 17. Qc2 a4 18. Ne4 Qd8 19. Ned2 Qf6 20. Re4 Ra5 21. Re2 Ra7
22. Qd1 Na5 23. Re4 Rd8 24. Ne1 b6 25. cxb6 Bxb6 26. Nc4 Bc5 27. Nxa5 Rxa5 28.
Re2 Rb8 29. Nf3 Bd6 30. Nd2 Ra6 31. Nc4 Qd8 32. Rec2 Be7 33. h4 Bf6 34. Be4 Ra7
35. Nd2 Ra6 36. Nc4 Ra7 37. Kg2 Rc7 38. Nd2 Rbc8 39. Rxc7 Rxc7 40. Rc4 Bb5 41.
Rxa4 Bxa4 42. Qxa4 Qb8 43. Nc4 Ra7 44. Qc6 Rc7 45. Qd6 Be7 46. Qxd4 Bc5 47. Qc3
Qa7 48. Qd2 Bd4 49. b4 f5 50. Bf3 e5 51. Bd5+ Kh8 52. Qe2 Qa4 53. Qf3 Qd7 54. a4
e4 55. dxe4 Qxa4 56. Qf4 Qd7 57. b5 Rc8 58. b6 Rxc4 59. b7 Ba7 60. Bxc4 Qxb7 61.
Qxf5 Qa8 62. Bd5 Qd8 63. h5 Bd4 64. f4 Bf6 65. Qe6 Bc3 66. Kh3 Qf8 67. e5 Bb4
68. Kg4 Ba3 69. Qf7 Qd8 70. Kf5 Qc8+ 71. Qe6 Qc2+ 72. Be4 Qe2 73. Qe8+ Kh7 74.
Qg6+ Kh8 75. Qe8+ Kh7 76. g4 Qc4 77. Qg6+ Kh8 78. Qe8+ Qg8 79. Qxg8+ Kxg8 80. g5
hxg5 81. Kxg5 Bc1 82. Bd5+ Kf8 83. Kf5 Ke7 84. Ke4 Bd2 85. Bc4 Bc1 86. h6 gxh6
87. f5 Bg5 88. Kf3 h5 89. Bd5 1-0

[Event "Moscow Open A 2014"]
[Site "Moscow RUS"]
[Date "2014.02.06"]
[Round "6.8"]
[White "Kabanov, Nikolai"]
[Black "Mozharov, Mikhail"]
[Result "1/2-1/2"]
[WhiteTitle "GM"]
[BlackTitle "IM"]
[WhiteElo "2501"]
[BlackElo "2564"]
[WhiteFideId "4127820"]
[BlackFideId "4189825"]
[EventDate "2014.02.01"]

1. e4 c5 2. Nf3 d6 3. Bb5+ Nd7 4. O-O a6 5. Bd3 Ngf6 6. b3 g6 7. Bb2 Bg7 8. a4
O-O 9. Na3 b6 10. Nc4 Bb7 11. Re1 Ng4 12. Bxg7 Kxg7 13. Bf1 Nge5 14. Nfxe5 dxe5
15. d3 Qc7 16. Qg4 b5 17. Ne3 e6 18. axb5 axb5 19. Rxa8 Rxa8 20. Qh4 Nf6 21. g3
Ra2 22. Be2 Qa5 23. Rf1 Qd2 24. Bd1 h6 25. g4 g5 26. Qg3 Qc3 27. h4 Ra1 28. Qh2
Ra8 29. Kg2 Rg8 30. hxg5 hxg5 31. Rh1 Kf8 32. Bf3 Qd4 33. Qg1 Kg7 34. Qc1 Qd8
35. Nf1 Nd7 36. Ng3 f6 37. Rh5 Rh8 38. Qh1 Rxh5 39. Nxh5+ Kf7 40. Ng3 Kg7 41.
Nh5+ 1/2-1/2

[Event "Moscow Open A 2014"]
[Site "Moscow RUS"]
[Date "2014.02.06"]
[Round "6.9"]
[White "Predke, Alexandr"]
[Black "Gabrielian, Artur"]
[Result "1/2-1/2"]
[BlackTitle "GM"]
[WhiteElo "2477"]
[BlackElo "2555"]
[WhiteFideId "24107581"]
[BlackFideId "4131002"]
[EventDate "2014.02.01"]

1. e4 c5 2. Nf3 d6 3. d4 cxd4 4. Nxd4 Nf6 5. Nc3 a6 6. Be2 e6 7. O-O Nbd7 8. f4
b5 9. Bf3 Bb7 10. Re1 Be7 11. a3 Rc8 12. Be3 O-O 13. Bf2 Nb6 14. e5 Nfd5 15.
Nxd5 Bxd5 16. Bxd5 Nxd5 17. Qg4 dxe5 18. Rxe5 Nf6 19. Qf3 Bd6 20. Re2 Qc7 21. g3
h5 22. Kg2 Rfd8 23. Rd1 Bc5 24. Rd3 Ng4 25. Bg1 e5 26. h3 Bxd4 27. Bxd4 exd4 28.
hxg4 hxg4 29. Qxg4 Rd6 30. Qf3 a5 31. c3 dxc3 32. Rxc3 Qd8 33. Rxc8 Qxc8 34. Qe4
Re6 35. Qf3 Rh6 36. Qd5 Qh3+ 37. Kf2 Qg4 38. Re8+ Kh7 39. Qd3+ Rg6 40. Kg2 b4
41. a4 f5 42. Re5 Qxf4 43. Rxa5 Qc1 44. Rxf5 Qxb2+ 45. Kh3 Rh6+ 46. Kg4 Qc3 47.
Qxc3 1/2-1/2

[Event "Moscow Open A 2014"]
[Site "Moscow RUS"]
[Date "2014.02.06"]
[Round "6.10"]
[White "Maletin, Pavel"]
[Black "Sivuk, Vitaly"]
[Result "1/2-1/2"]
[WhiteTitle "GM"]
[BlackTitle "IM"]
[WhiteElo "2586"]
[BlackElo "2507"]
[WhiteFideId "4146786"]
[BlackFideId "14116502"]
[EventDate "2014.02.01"]

1. c4 f5 2. g3 Nf6 3. Bg2 g6 4. Nc3 Bg7 5. d3 O-O 6. e4 fxe4 7. dxe4 d6 8. Nge2
e5 9. O-O Be6 10. b3 Nc6 11. Nd5 Qd7 12. Bg5 Rf7 13. Qd2 Raf8 14. f3 Nh5 15. Be3
Ne7 16. Ndc3 a6 17. Rad1 Nf6 18. a4 Rd8 19. a5 Qc8 20. Bg5 c6 21. f4 Rff8 22.
Qc1 Qc7 23. fxe5 dxe5 24. Rxd8 Qxd8 25. Qa3 Qc7 26. h3 Nc8 27. c5 Ne8 28. Rxf8+
Bxf8 29. b4 Qd7 30. Kh2 Na7 31. Qc1 Bg7 32. Bh6 Bf6 33. Bg5 Bh8 34. Qd2 Qxd2 35.
Bxd2 Nc7 36. Nc1 Bc4 37. Kg1 Nab5 38. Nd1 Bf6 39. Kf2 h5 40. Nb2 Be6 41. h4 Kf7
42. Bf1 Na3 43. Ncd3 Ncb5 44. Nd1 Nc4 45. Bc1 Ke8 46. Ne3 Nc3 47. Nxc4 Bxc4 48.
Kf3 Ke7 49. Bd2 Nb1 50. Bc1 Nc3 51. Bd2 Nb1 52. Be1 g5 53. Be2 g4+ 54. Kf2 Na3
55. Bc3 Bxd3 56. Bxd3 Nb5 57. Bd2 Nc7 58. Bc4 Ne6 59. Be3 Kd7 60. Bd2 1/2-1/2

[Event "Moscow Open A 2014"]
[Site "Moscow RUS"]
[Date "2014.02.06"]
[Round "6.11"]
[White "Moiseenko, Alexander"]
[Black "Alekseenko, Kirill"]
[Result "1-0"]
[WhiteTitle "GM"]
[BlackTitle "FM"]
[WhiteElo "2710"]
[BlackElo "2459"]
[WhiteFideId "14102560"]
[BlackFideId "4135539"]
[EventDate "2014.02.01"]

1. d4 d5 2. c4 dxc4 3. e4 Nf6 4. e5 Nd5 5. Bxc4 Nb6 6. Bd3 Nc6 7. Ne2 Bg4 8. Be3
Qd7 9. Nbc3 O-O-O 10. O-O Nxe5 11. Bb5 Qe6 12. Qc1 Bxe2 13. Bxe2 Nc6 14. Rd1 Nb4
15. Nb5 N4d5 16. Nxa7+ Kb8 17. Nb5 Rd7 18. Rd3 Qc6 19. Nc3 e6 20. a4 Bb4 21. a5
Nc8 22. Bd2 Be7 23. a6 b6 24. Qd1 Na7 25. Nxd5 exd5 26. Bg4 Rdd8 27. Bf4 Qf6 28.
Be5 Qh6 29. Qf3 Rhf8 30. Rc3 Nb5 31. Rac1 Rd6 32. g3 Nxc3 33. Qxc3 Bd8 34. a7+
Ka8 35. Ra1 f5 36. Bf3 Rd7 37. Bxg7 1-0

[Event "Moscow Open A 2014"]
[Site "Moscow RUS"]
[Date "2014.02.06"]
[Round "6.12"]
[White "Bortnyk, Olexandr"]
[Black "Socko, Bartosz"]
[Result "1/2-1/2"]
[WhiteTitle "IM"]
[BlackTitle "GM"]
[WhiteElo "2463"]
[BlackElo "2663"]
[WhiteFideId "14120828"]
[BlackFideId "1107038"]
[EventDate "2014.02.01"]

1. e4 c5 2. c3 d5 3. exd5 Qxd5 4. d4 Nf6 5. Nf3 e6 6. Be3 cxd4 7. cxd4 Bb4+ 8.
Nc3 O-O 9. Be2 Bd7 10. Qd3 Qe4 11. O-O Qxd3 12. Bxd3 Nc6 13. Rac1 Rfd8 14. a3
Bf8 15. Rfd1 Be8 16. h3 Rac8 17. Rc2 Na5 18. d5 Nc4 19. Bxa7 Nxd5 20. Bxc4 Rxc4
21. Nxd5 Rxd5 22. Rxd5 exd5 23. Re2 Bb5 24. Be3 Bd6 25. Re1 f6 26. Rd1 Bc6 27.
Nd4 Kf7 28. Kf1 Bd7 29. Ne2 Be6 30. Nd4 Bd7 31. Ne2 Be6 32. Nd4 g5 33. b3 Rc8
34. Nxe6 Kxe6 35. Rc1 Rg8 36. a4 h5 37. Ke2 g4 38. hxg4 Rxg4 39. g3 Rb4 40. Rb1
h4 41. gxh4 Rxh4 42. Kd3 Be5 43. f3 d4 44. Bf2 Rh3 45. Bxd4 Rxf3+ 46. Ke2 Rh3
47. Bxe5 fxe5 48. a5 Kd5 49. Ra1 Kd4 50. Ra4+ Kc5 51. a6 bxa6 52. Rxa6 Rxb3 53.
Ra4 Kd5 54. Rh4 e4 55. Rh8 Rb6 56. Rd8+ Rd6 57. Rxd6+ Kxd6 58. Ke3 Ke6 59. Kxe4 1/2-1/2

[Event "Moscow Open A 2014"]
[Site "Moscow RUS"]
[Date "2014.02.06"]
[Round "6.13"]
[White "Krasenkow, Michal"]
[Black "Konovalov, Nikolay"]
[Result "1-0"]
[WhiteTitle "GM"]
[BlackTitle "IM"]
[WhiteElo "2638"]
[BlackElo "2446"]
[WhiteFideId "1113100"]
[BlackFideId "4170962"]
[EventDate "2014.02.01"]

1. Nf3 c5 2. c4 Nc6 3. d4 cxd4 4. Nxd4 Nf6 5. Nc3 Qb6 6. Nb3 e6 7. e4 Bb4 8. Be3
Qc7 9. f3 d5 10. cxd5 exd5 11. exd5 Qe5 12. Kf2 Bxc3 13. dxc6 Bxb2 14. cxb7 Bxb7
15. Bc5 Bc6 16. Rb1 Bc3 17. Ba6 Rd8 18. Qe2 Qxe2+ 19. Kxe2 Nd5 20. Rhc1 h5 21.
Bc4 Be5 22. Na5 Ba4 23. Rb7 Nf4+ 24. Kf1 Rd7 1-0

[Event "Moscow Open A 2014"]
[Site "Moscow RUS"]
[Date "2014.02.06"]
[Round "6.14"]
[White "Chekhov, Sergei"]
[Black "Grigoriants, Sergey"]
[Result "1/2-1/2"]
[WhiteTitle "IM"]
[BlackTitle "GM"]
[WhiteElo "2460"]
[BlackElo "2581"]
[WhiteFideId "4195639"]
[BlackFideId "4130804"]
[EventDate "2014.02.01"]

1. e4 c6 2. d4 d5 3. exd5 cxd5 4. c4 Nf6 5. Nc3 e6 6. Nf3 Bb4 7. cxd5 Nxd5 8.
Bd2 Nc6 9. Bd3 Nf6 10. O-O O-O 11. Bg5 h6 12. Bh4 Be7 13. Rc1 Qb6 14. Qd2 Rd8
15. Rfd1 Kf8 16. Bb1 e5 17. Na4 Qb5 18. Nc3 Qb6 19. Na4 Qb5 20. Nc3 Qb6 1/2-1/2